[Event "DEN-ch U14 rapid"]
[Site "Odense"]
[Date "2022.09.30"]
[Round "5"]
[White "Hoejstrup Christensen, John Christopher"]
[Black "Snedker, Oliver Kaehne"]
[Result "0-1"]
[WhiteElo "1855"]
[BlackElo "1657"]
[PlyCount "62"]
[EventDate "2022.09.30"]
[EventType "swiss"]
[EventRounds "5"]
[EventCountry "DEN"]
[SourceTitle "EXT 2024"]
[Source "ChessBase"]
[SourceDate "2023.10.10"]
[SourceVersion "1"]
[SourceVersionDate "2023.10.10"]
[SourceQuality "1"]

1. e4 c5 2. Nf3 d6 3. d4 cxd4 4. Nxd4 Nf6 5. Nc3 a6 6. Be3 e5 7. Nb3 Be6 8. Qd2 Be7 9. f3 h5 10. 0-0-0 Nbd7 11. Kb1 b5 12. Qf2 Qc7 13. Rg1 Rb8 14. h3 b4 15. Ne2 a5 16. Nec1 a4 17. Nd2 Rc8 18. Bd3 a3 19. Ndb3 axb2 20. Kxb2 Nc5 21. Bb5+ Nfd7 22. Bxc5 dxc5 23. g4 c4 24. Na1 c3+ 25. Kb1 Qa5 26. Bxd7+ Bxd7 27. Rd5 Qa3 28. Nd3 Ra8 29. Nb3 Qxa2+ 30. Kc1 Qa1+ 31. Nxa1 Rxa1# 0-1